Southville International School and Colleges
Your cart is empty.
  • Cart
  • Lists
    Public lists Eva Luna New books Lux_list list_1
    Your lists Log in to create your own lists
  • Log in to your account
  • Your cookies
  • Search history
Southville International School and Colleges
  • Advanced search
  • Recent comments
  • Most popular
  • Libraries

Log in to your account

Log in with GOOGLE


If you do not have an external account, but do have a local account, you can still log in:

  1. Home
  2. MARC view: Get on board :
Normal view MARC view ISBD view

Get on board : (Record no. 41437)

[ view plain ]
MARC details
000 -LEADER
fixed length control field 00738nam a2200229Ia 4500
005 - DATE AND TIME OF LATEST TRANSACTION
control field 20140311163132.0
008 - FIXED-LENGTH DATA ELEMENTS--GENERAL INFORMATION
fixed length control field 140130s9999 xx 000 0 und d
020 ## - INTERNATIONAL STANDARD BOOK NUMBER
International Standard Book Number 9780590454193
050 ## - LIBRARY OF CONGRESS CALL NUMBER
Classification number E 450
Item number .H315 1993
100 ## - MAIN ENTRY--PERSONAL NAME
Personal name Haskins, Jim.
9 (RLIN) 29088
245 ## - TITLE STATEMENT
Statement of responsibility, etc Jim Haskins.
Title Get on board :
Remainder of title the story of the underground railroad /
260 ## - PUBLICATION, DISTRIBUTION, ETC. (IMPRINT)
Name of publisher, distributor, etc Scholastic Inc,
Date of publication, distribution, etc c1993.
Place of publication, distribution, etc USA :
300 ## - PHYSICAL DESCRIPTION
Extent 152 p. :
Other physical details ill. ;
Dimensions 23 cm.
440 ## - SERIES STATEMENT/ADDED ENTRY--TITLE
Volume number/sequential designation 1
9 (RLIN) 31174
521 ## - TARGET AUDIENCE NOTE
Target audience note
526 ## - STUDY PROGRAM INFORMATION NOTE
Reading level 1180
650 ## - SUBJECT ADDED ENTRY--TOPICAL TERM
Topical term or geographic name as entry element Underground Railroad
General subdivision Juvenile literature.
9 (RLIN) 31215
650 ## - SUBJECT ADDED ENTRY--TOPICAL TERM
Topical term or geographic name as entry element Fugitive slaves
General subdivision United States
-- History
-- 19th century
-- Juvenile literature.
9 (RLIN) 31216
650 ## - SUBJECT ADDED ENTRY--TOPICAL TERM
Topical term or geographic name as entry element Underground Railroad.
9 (RLIN) 22835
942 ## - ADDED ENTRY ELEMENTS (KOHA)
Koha item type Books
Source of classification or shelving scheme Library of Congress Classification
Holdings
Withdrawn status Lost status Source of classification or shelving scheme Damaged status Home library Current library Shelving location Date acquired Total Checkouts Full call number Barcode Date last seen Copy number Price effective from Koha item type
    Library of Congress Classification   Munich Library Munich Library Scholastic Reading Center Section 01/30/2014   E 450 .H315 1993 MS1192 01/30/2014 1 03/11/2014 Books

Get on board :

APA

Haskins J., . (1993). Get on board. USA: Scholastic Inc.

Chicago

Haskins Jim, . 1993. Get on board. USA: Scholastic Inc.

Harvard

Haskins J., . (1993). Get on board. USA: Scholastic Inc.

MLA

Haskins Jim, . Get on board. USA: Scholastic Inc. 1993.

  • Place hold
  • Print
  • Cite
  • Add to your cart (remove)
  • Save record
    BIBTEX Dublin Core MARCXML MARC (non-Unicode/MARC-8) MARC (Unicode/UTF-8) MARC (Unicode/UTF-8, Standard) MODS (XML) RIS
  • More searches
    Search for this title in:
    Other Libraries (WorldCat) Other Databases (Google Scholar) Online Stores (Bookfinder.com) Open Library (openlibrary.org)

Exporting to Dublin Core...

SOUTHVILLE LIBRARY

Southville International School and Colleges Library

1281 Tropical Ave. Cor. Luxembourg St., BF Homes International, Las Pinas City

Tel. No. 8256374 / 252358 Loc. 117/146

Powered by Koha